| 000 | 00686nam a22002297a 4500 | ||
|---|---|---|---|
| 003 | BJBSDDR | ||
| 005 | 20260310125458.0 | ||
| 007 | ta | ||
| 008 | 260310s2012 fr ||||| |||| 00| 0 fre d | ||
| 020 | _a 9782746732124 | ||
| 020 | _a 2746732122 | ||
| 040 |
_bfre _cBJBSDDR |
||
| 041 | _afre | ||
| 050 | _bEn56 2012 | ||
| 100 | 1 |
_aEncel, Frédéric, _d1969- _927213 |
|
| 245 | 1 | 0 |
_aAtlas géopolitique d'Israël : _bles défis d'une démocratie en guerre / _cFrédéric Encel, Alexandre Nicolas |
| 260 |
_aParis : _bÉditions Autrement, _c2012 |
||
| 300 |
_a96 pages : _billustrations ; _c25 cm |
||
| 700 | 1 |
_aNicolas, Alexandre _919520 |
|
| 942 |
_2lcc _n0 _cBK |
||
| 946 | _icmc | ||
| 999 |
_c126558 _d126558 |
||